MARC details
| 000 -LEADER |
| fixed length control field |
03047cam a2200445 a 4500 |
| 001 - CONTROL NUMBER |
| control field |
9472260 |
| 003 - CONTROL NUMBER IDENTIFIER |
| control field |
ARRUPE |
| 005 - DATE AND TIME OF LATEST TRANSACTION |
| control field |
20150605020006.0 |
| 008 - FIXED-LENGTH DATA ELEMENTS--GENERAL INFORMATION |
| fixed length control field |
000720s2000 nyuab 000 1 eng |
| 010 ## - LIBRARY OF CONGRESS CONTROL NUMBER |
| LC control number |
00060827 |
| 020 ## - INTERNATIONAL STANDARD BOOK NUMBER |
| International Standard Book Number |
0553106635 |
| 020 ## - INTERNATIONAL STANDARD BOOK NUMBER |
| International Standard Book Number |
9780553106633 |
| 029 1# - (OCLC) |
| OCLC library identifier |
YDXCP |
| System control number |
1700604 |
| 029 1# - (OCLC) |
| OCLC library identifier |
NZ1 |
| System control number |
5798848 |
| 029 1# - (OCLC) |
| OCLC library identifier |
AU@ |
| System control number |
000021688969 |
| 029 1# - (OCLC) |
| OCLC library identifier |
AU@ |
| System control number |
000047975639 |
| 035 ## - SYSTEM CONTROL NUMBER |
| System control number |
(OCoLC)ocm44676135 |
| 035 ## - SYSTEM CONTROL NUMBER |
| System control number |
(OCoLC)44676135 |
| Canceled/invalid control number |
(OCoLC)53151220 |
| -- |
(OCoLC)435438060 |
| 035 ## - SYSTEM CONTROL NUMBER |
| System control number |
(NNC)9472260 |
| 040 ## - CATALOGING SOURCE |
| Original cataloging agency |
DLC |
| Transcribing agency |
DLC |
| Modifying agency |
BAKER |
| -- |
BTCTA |
| -- |
YDXCP |
| -- |
WGTPL |
| -- |
WPB |
| -- |
M$K |
| -- |
EYP |
| -- |
IAD |
| -- |
BDX |
| 050 00 - LIBRARY OF CONGRESS CALL NUMBER |
| Classification number |
PZ4.M380 |
| Item number |
S7 |
| 082 00 - DEWEY DECIMAL CLASSIFICATION NUMBER |
| Classification number |
813/.54 |
| Edition number |
21 |
| 300 ## - PHYSICAL DESCRIPTION |
| Other physical details |
ill., maps ; |
| Dimensions |
25 cm. |
| 100 1# - MAIN ENTRY--PERSONAL NAME |
| Personal name |
Martin, George R. R. |
| 9 (RLIN) |
17785 |
| 245 12 - TITLE STATEMENT |
| Title |
A storm of swords : |
| Statement of responsibility, etc |
George R.R. Martin. |
| Remainder of title |
Book three of a song of ice and fire |
| 260 ## - PUBLICATION, DISTRIBUTION, ETC. (IMPRINT) |
| Place of publication, distribution, etc |
New York : |
| Name of publisher, distributor, etc |
Bantam Books, |
| Date of publication, distribution, etc |
2000. |
| 300 ## - PHYSICAL DESCRIPTION |
| Extent |
973 p. : |
| 490 1# - SERIES STATEMENT |
| Series statement |
Bk. 3 of A song of ice and fire |
| 490 1# - SERIES STATEMENT |
| Series statement |
A Bantam spectra book |
| 520 0# - SUMMARY, ETC. |
| Summary, etc |
Here is the third volume in Martin's cycle of novels that includes A Game of Thrones and A Clash of Kings. Magic, mystery, intrigue, romance, and adventure fill these pages. The Seven Kingdoms are torn by strife as the three surviving contenders for the throne continue their struggle for power, Robb Stark defends his fledgling kingdom from the ravaging Greyjoys, Winterfell lies in ruins, Jon Snow confronts an escalating threat from behind the Wall, and Danerys Stormborn and her dragon allies continue to grow in power. Joffrey, of House Lannister, sits on the Iron Throne, the uneasy ruler of the land of the Seven Kingdoms. His most bitter rival, Lord Stannis, stands defeated and disgraced, the victim of the jealous sorceress who holds him in her evil thrall. But young Robb, of House Stark, still rules the North from the fortress of Riverrun. Robb plots against his despised Lannister enemies, even as they hold his sister hostage at King's Landing, the seat of the Iron Throne. Meanwhile, making her way across a blood-drenched continent is the exiled queen, Daenerys, mistress of the only three dragons still left in the world. But as opposing forces maneuver for the final titanic showdown, an army of barbaric wildlings arrives from the outermost line of civilization. In their vanguard is a horde of mythical Others--a supernatural army of the living dead whose animated corpses are unstoppable. As the future of the land hangs in the balance, no one will rest until the Seven Kingdoms have exploded in a veritable storm of swords. |
| 530 ## - ADDITIONAL PHYSICAL FORM AVAILABLE NOTE |
| Additional physical form available note |
Also issued online. |
| 650 #0 - SUBJECT ADDED ENTRY--TOPICAL TERM |
| Topical term or geographic name as entry element |
Fantasy fiction. |
| 9 (RLIN) |
17787 |
| 650 #7 - SUBJECT ADDED ENTRY--TOPICAL TERM |
| Topical term or geographic name as entry element |
Fantasy fiction |
| Source of heading or term |
gsafd |
| 9 (RLIN) |
17787 |
| 655 #7 - INDEX TERM--GENRE/FORM |
| Genre/form data or focus term |
Fantasy fiction. |
| Source of term |
gsafd |
| 9 (RLIN) |
17787 |
| 776 08 - ADDITIONAL PHYSICAL FORM ENTRY |
| Display text |
Online version: |
| Main entry heading |
Martin, George R. R. |
| Title |
Storm of swords. |
| Place, publisher, and date of publication |
New York : Bantam Books, 2000 |
| Record control number |
(OCoLC)606435226 |
| 800 1# - SERIES ADDED ENTRY--PERSONAL NAME |
| Personal name |
Martin, George R. R. |
| Title of a work |
Song of ice and fire ; |
| Volume/sequential designation |
bk. 3. |
| 9 (RLIN) |
17793 |
| 830 #0 - SERIES ADDED ENTRY--UNIFORM TITLE |
| Uniform title |
Bantam spectra book. |
| 9 (RLIN) |
17794 |
| 942 ## - ADDED ENTRY ELEMENTS (KOHA) |
| Source of classification or shelving scheme |
Library of Congress Classification |
| Koha item type |
Monograph ( Printed materials) |
| Koha issues (borrowed), all copies |
1 |
| 948 1# - LOCAL PROCESSING INFORMATION (OCLC); SERIES PART DESIGNATOR (RLIN) |
| Series part designator, SPT (RLIN) |
20120607 |
| b (OCLC) |
c |
| c (OCLC) |
ks26 |
| d (OCLC) |
MPS |